Το φαινόμενο και ο όρος των περιβαλλοντικών προσφύγων : πτυχιακή εργασία

Αποθηκεύτηκε σε:
Λεπτομέρειες βιβλιογραφικής εγγραφής
Κύριος συγγραφέας: Τσουμπάρης, Δημήτρης
Συγγραφή απο Οργανισμό/Αρχή: Πανεπιστήμιο Αιγαίου. Σχολή Περιβάλλοντος. Τμήμα Περιβάλλοντος
Άλλοι συγγραφείς: Τρούμπης, Ανδρέας (Εισηγητής διατριβής)
Μορφή: Thesis Βιβλίο
Γλώσσα:Greek
Δημοσίευση: Μυτιλήνη : Πανεπιστήμιο Αιγαίου, Τμήμα Περιβάλλοντος, 2003
Θέματα:
Διαθέσιμο Online:http://hdl.handle.net/11610/10333
Ετικέτες: Προσθήκη ετικέτας
Δεν υπάρχουν, Καταχωρήστε ετικέτα πρώτοι!

MARC

LEADER 00000cam a2200000 i 4500
001 1/81036
008 050714s2003 gre d
035 |l 10079171 
040 |a GR-MY-UA  |b gre  |e aacr 
041 0 |a gre 
082 0 |a 363.349  |2 (22) 
100 1 |a Τσουμπάρης, Δημήτρης. 
245 1 3 |a Το φαινόμενο και ο όρος των περιβαλλοντικών προσφύγων :  |b πτυχιακή εργασία /  |c Δημήτρης Τσουμπάρης ; υπεύθυνος καθηγητής Ανδρέας Τρούμπης 
260 |a Μυτιλήνη :   |b Πανεπιστήμιο Αιγαίου, Τμήμα Περιβάλλοντος,   |c 2003 
300 |a 95 σ.;  |b πιν., χάρτες, διαγρ.;  |c 30 εκ. 
502 |a Πτυχιακή εργασία – Πανεπιστήμιο Αιγαίου, Λέσβος, 2003. 
504 |a Βιβλιογραφία: 92-95 
650 0 0 |a Environmental refugees. 
650 0 0 |a Dissertations, Academic  |z Greece. 
700 1 |a Τρούμπης, Ανδρέας.  |4 ths 
710 2 |a Πανεπιστήμιο Αιγαίου.   |b Σχολή Περιβάλλοντος.   |b Τμήμα Περιβάλλοντος. 
852 |a INST  |b LESVOS  |c DIATR  |e 20050725  |h 819  |p 005100031688  |q 005100031688  |t DIE  |y 23 
852 |a INST  |b LESVOS  |c DIATR  |e 20050714  |h 820  |p 005100031689  |q 005100031689  |t DIE  |y 23 
856 |u http://hdl.handle.net/11610/10333 
901 |a BIBL1-2005-2 
909 |a Λ  |b 106532 
909 |a Λ  |b 106531 
924 |a ΤΣΟΥΜΠΑΡΗΣ  |b ΔΗΜΗΤΡΗΣ  |y ΛΕΣΒΟΣ  |z 2003-10 
970 |a ΜΑΡΙΝΑΤΟΥ  |b ΜΥΡΣΙΝΗ  |z 2005/07/14